NBA Top 30 Most watched - Statistics

General Stats
  • This quiz has been taken 21 times
  • The average score is 21 of 30
Answer Stats
Hint Answer % Correct
1 Lebron James
100%
2 Shaquille O'Neal
100%
12 Kevin Durant
95%
3 Michael Jordan
95%
13 Stephen curry
95%
30 Dwyane Wade
89%
29 Jerry West
84%
5 Kobe Bryant
84%
7 Larry Bird
84%
14 Tim Duncan
84%
17 Bill Russell
79%
22 Dirk Nowitzki
79%
21 Giannis Antetokounmpo
79%
10 Hakeem Olajuwon
79%
6 Kareem Abdul-Jabbar
79%
4 Magic Johnson
79%
20 Chris paul
74%
15 James Harden
74%
26 Julius Erving
68%
8 Wilt Chamberlain
68%
24 Kevin Garnett
63%
27 Karl Malone
58%
16 Moses Malone
58%
28 John Stockton
53%
11 Oscar Robertson
53%
23 Charles Barkley
47%
25 Steve nash
42%
9 victor wembanyama
26%
19 Kevin derant
0%
18 Nicola Jokic
0%
No matching quizzes found
Score Distribution
Percent of People with Each Score
Percentile by Number Answered
Your Score History
You have not taken this quiz